000 00525cam a2200205ua 4500
001 7585
008 141217n ii |||gr||||Z||||||asm
020 _a9789382283645
040 _cMAIN
041 _aasm
082 _a891.451
100 _aSharma, B. Kr.,
_eEditor.
245 1 _aVisva shityar parichay
_cEdited by Basanta Kr. Sharma
250 _a1st.
260 _aDibrugarh:
_bKaustabh,
_c2014.
300 _a251p.
653 _aEast Indo-European & Celtic literatures
653 _aAssamese literature
942 _cBK
999 _c6707
_d6707